Պետական Դուման / (Record no. 541602)
[ view plain ]
| 000 -LEADER | |
|---|---|
| fixed length control field | 02798nam a2200229 a 4500 |
| 003 - CONTROL NUMBER IDENTIFIER | |
| control field | AM-YEHGA |
| 005 - DATE AND TIME OF LATEST TRANSACTION | |
| control field | 20260309164110.0 |
| 008 - FIXED-LENGTH DATA ELEMENTS--GENERAL INFORMATION | |
| fixed length control field | 260217s1906 gs r 000|0 arm d |
| 040 ## - CATALOGING SOURCE | |
| Original cataloging agency | AM-YeHGA |
| 041 1# - LANGUAGE CODE | |
| Language code of text/sound track or separate title | arm |
| 001 - CONTROL NUMBER | |
| control field | 2050321 |
| 100 1# - MAIN ENTRY--PERSONAL NAME | |
| Personal name | Կաուցկի, Կարլ, |
| Dates associated with a name | 1854-1938 |
| 9 (RLIN) | 5804 |
| 245 10 - TITLE STATEMENT | |
| Title | Պետական Դուման / |
| Statement of responsibility, etc. | Կ. Կաուցկի; Թարգմ.՝ Ռ․ Դաշտօյեանի. |
| 260 ## - PUBLICATION, DISTRIBUTION, ETC. | |
| Place of publication, distribution, etc. | Թիֆլիս : |
| Name of publisher, distributor, etc. | Հրատաարակութիւն "Կայծ"-ի, |
| Date of publication, distribution, etc. | 1906. |
| 300 ## - PHYSICAL DESCRIPTION | |
| Extent | (14 գիրք մեկ կազմի մեջ) ; 16 էջ ; |
| Dimensions | 18 սմ. |
| 440 #0 - SERIES STATEMENT/ADDED ENTRY--TITLE | |
| Title | Բանւորական գրադարան ; |
| Number of part/section of a work | № 2 |
| 500 ## - GENERAL NOTE | |
| General note | Ալիգ 13 |
| 501 ## - WITH NOTE | |
| With note | Մեկ կազմի մեջ՝ Ո՞վքեր են սօցիալ-դէմօկրատները եւ ի՞նչ են ուզում նրանք / Թիֆլիս: տպ. Ն. Աղանեանցի։ 1906։ - Ալիգ 1 ; Ընտրութեան օրը Գերմանիայում / Տ. Բօգդանովիչ։ Թիֆլիս: Տպ. օր. Ն. Աղանեանի։ 1907։ - Ալիգ 2 ; Ի՞նչ են սովորեցնում սօցիալ-դեմօկրատները / Մ. Մինին։ Թիֆլիզ: տպ. Ն. Աղանեանի։ 1907։ - Ալիգ 3 ; Ո՞րն է իսկական ներկայացուցչութիւնը / Կազմ.՝ Յ.Ս.։ Թիֆլիզ: տպ. Ն. Աղանեանի։ 1907։ - Ալիգ 4 ; Մարքսի յաւելեալ արժէքի թէօրիան / Ի. Շտէրն։ Թիֆլիս: Թիֆլիս : Էլեքտրաշարժ տպ. "Հերմէս"։ 1906։ - Ալիգ 5 ; Երկու աշխարհ / Վ. Լիբկնեխտ։ Թիֆլիս: Էլեքտրաշարժ տպ. "Հերմէս"։ 1906։ - Ալիգ 6 ; Իդիալի զոհը / Ա․տ․։ Ա․հ․։ Ա․թ․։ - Ալիգ 7 ; Մանիֆէստ կօմունիստական կուսակցութեան / Կարլ Մարքս և Ֆրիդրիխ Էնգելս։ Ա. տ. : Սեփական տպարան։ 1906։ - Ալիգ 8 ; Նօրմալ բանուորական օր / Բ. Զէյդէլ։ Թիֆլիս: Ելեքտրաշարժ տպարան «Հերմէս» ընկ․։ 1906։ - Ալիգ 9 ; Քաղաքական կուսակցութիւնները Ռուսաստանում / Լ. Մարտով։ Թիֆլիս: տպ. օր. Ն. Աղանեանցի։ 1904։ - Ալիգ 10 ; Գիւղացիները եւ յեղափոխութիւնը Ռուսաստանում / Կ. Կաուցկի։ Тифлисъ: "Կայծ"-ի հրատ.։ 1906։ - Ալիգ 11 ; Հայրենասիրութիւն / Կ. Կաուցկի։ Թիֆլիս: տպ. Գուտենբերգ։ 1906։ - Ալիգ 12 ; Ազգային հարցը եւ սօցիալ-դէմօկրատիան / Тифлисъ: "Կայծ"-ի հրատ.։ 1906։ - Ալիգ 14 |
| 650 14 - SUBJECT ADDED ENTRY--TOPICAL TERM | |
| Topical term or geographic name entry element | Պատմություն |
| Geographic subdivision | Ռուսաստան |
| 700 1# - ADDED ENTRY--PERSONAL NAME | |
| Personal name | Դաշտօյեան, Ռ․ |
| Relator term | թարգմ. |
| Relationship | trl |
| 942 ## - ADDED ENTRY ELEMENTS (KOHA) | |
| Source of classification or shelving scheme | Universal Decimal Classification |
| Koha item type | Գրքեր / Books |
No items available.
ՀՀ Գիտությունների ազգային ակադեմիայի հիմնարար գիտական գրադարան = Fundamental Scientific Library of NAS RA
All site content, except where otherwise noted, is licensed under a